| 000 | 01075nam0a22002771 4500 | ||
|---|---|---|---|
| 001 | v19\rc\1624369 | ||
| 005 | 20250618231521.0 | ||
| 035 | _a(NLR Aleph) 004741259 | ||
| 090 |
_a4494074 _c4494074 |
||
| 100 | _a20061002d1899 |||y0rusy50 ca | ||
| 101 | 1 |
_arus _cita |
|
| 102 | _aRU | ||
| 105 | _ay z |||a| | ||
| 200 | 1 |
_aОтцовская сиделка _fЭдмондо де Амичис |
|
| 210 |
_aМосква _cИзд. М.В. Клюкина _d1899 |
||
| 215 | _a16 с. | ||
| 225 | 1 |
_aДобрые души _eчтение для детей и простого народа _v№ 42 |
|
| 700 | 1 |
_aДе Амичис _bЭ. _f1846-1908 _gЭдмондо |
|
| 801 | 0 |
_aRU _bNLR _gpsbo |
|
| 801 | 1 |
_aRU _bProSoft-M _2rusmarc |
|
| 801 | 2 |
_aRU _bNLR _c20140219 _2rusmarc |
|
| 830 | _aЕсть в БАН | ||
| 830 | _aИсточник: В. Сабанин. Систематическая роспись книгам, вышедшим в России... за 1899 год. СПб., 1991. Т. 1, с. 408, № 4902. Шифр: 421/100 | ||
| 852 |
_aNLR _j20.60.5.64 |
||
| 942 | _cBOOK | ||
| 980 | _aNB | ||